North east (Record no. 77782)

MARC details
000 -LEADER
fixed length control field 00897cab a2200217 4500
001 - CONTROL NUMBER
control field ##L135102
008 - FIXED-LENGTH DATA ELEMENTS--GENERAL INFORMATION
fixed length control field 060925n2006 000 0 eng u
035 ## - SYSTEM CONTROL NUMBER
System control number (Sirsi) u135102
041 0# - LANGUAGE CODE
Language code of text/sound track or separate title eng
100 1# - MAIN ENTRY--PERSONAL NAME
Personal name Goldie, Anna
245 00 - TITLE STATEMENT
Title North east
Remainder of title regional
260 ## - PUBLICATION, DISTRIBUTION, ETC.
Date of publication, distribution, etc. 2006
490 #0 - SERIES STATEMENT
Series statement Property Week
Volume/sequential designation 71(38) 22 September 2006, 125-141(9)
520 ## - SUMMARY, ETC.
Summary, etc. Examines various aspects of the commercial property market in the northeast, including a profile of Richard Vardy of Vardy Property Group; Terrace Hill's office development at Baltic Business Quarter in Gateshead; how the regional spatial strategy is affecting development in the area and investment in shopping centres in northeast England.
590 ## - LOCAL NOTE (RLIN)
Local note IKA031006
651 #4 - SUBJECT ADDED ENTRY--GEOGRAPHIC NAME
Geographic name NORTHEAST ENGLAND
651 #4 - SUBJECT ADDED ENTRY--GEOGRAPHIC NAME
Geographic name GATESHEAD
651 #4 - SUBJECT ADDED ENTRY--GEOGRAPHIC NAME
Geographic name NEWCASTLE
690 ## - LOCAL SUBJECT ADDED ENTRY--TOPICAL TERM (OCLC, RLIN)
Topical term or geographic name as entry element PROPERTY-COMMERCIAL PROPERTY-COMMERCIAL PROPERTY MARKET
942 ## - ADDED ENTRY ELEMENTS (KOHA)
Suppress in OPAC 0
Holdings
Withdrawn status Lost status Source of classification or shelving scheme Damaged status Not for loan Home library Current library Shelving location Date acquired Total Checkouts Full call number Barcode Date last seen Copy number Price effective from Koha item type
    Dewey Decimal Classification     London London Journal article 25/09/2006   L135102 135102-1001 06/08/2019 1 06/08/2019 Journal article